Olympics medal table - Los Angeles 1932 - Statistics

General Stats
  • This quiz has been taken 15 times
  • The average score is 8 of 10
Answer Stats
Gold Silver Bronze Total Nation % Correct
41 32 30 103 United States
100%
2 5 8 15 Canada
93%
10 5 4 19 France
93%
3 12 5 20 Germany
93%
12 12 12 36 Italy
86%
4 7 5 16 Great Britain
79%
7 7 4 18 Japan
71%
6 4 5 15 Hungary
50%
9 5 9 23 Sweden
50%
5 8 12 25 Finland
43%
No matching quizzes found
Score Distribution
Percent of People with Each Score
Percentile by Number Answered
Your Score History
You have not taken this quiz